|
|
|
|
| LEADER |
02138nam a2200337 a 4500 |
| 001 |
0007985 |
| 003 |
BD-DhAAL |
| 008 |
101106s2004 maua b 001 0 eng |
| 010 |
|
|
|a 2003057734
|
| 020 |
|
|
|a 8129702282
|
| 020 |
|
|
|a 0321122267
|
| 020 |
|
|
|a 8177584766
|
| 040 |
|
|
|a DLC
|c DLC
|d BD-DhAAL
|
| 082 |
0 |
0 |
|a 005.74
|2 22
|
| 245 |
1 |
0 |
|a Fundamentals of database systems /
|c Ramez Elmasri ... [et al].
|
| 250 |
|
|
|a Fourth edition.
|
| 260 |
|
|
|a Boston ;
|a New Delhi :
|b Pearson/Addison Wesley,
|c c2004 [reprinted 2006, 2008].
|
| 300 |
|
|
|a xxvi, 1030 p. :
|b ill. ;
|c 24 cm
|
| 504 |
|
|
|a Includes bibliographical references (pages 963-1008) and index.
|
| 526 |
|
|
|a CSE
|x Dr. Mumit Khan
Professor and Chairperson
Department of Computer Science and Engineering
BRAC University
|
| 541 |
1 |
|
|a Essence Science Publications
|e 0007985, 0012897, 0016934
|
| 650 |
|
0 |
|a Database management.
|9 1388
|
| 700 |
1 |
|
|a Elmasri, Ramez.
|9 1389
|
| 852 |
4 |
|
|a Ayesha Abed Library
|c General Stacks
|
| 942 |
|
|
|2 ddc
|c BK
|0 3
|
| 999 |
|
|
|c 10037
|d 10037
|
| 952 |
|
|
|0 0
|1 0
|2 ddc
|4 0
|6 005_740000000000000_ELM
|7 0
|9 13116
|a BRACUL
|b BRACUL
|c GEN
|d 2010-11-06
|l 25
|m 254
|o 005.74 ELM
|p 3010012897
|r 2025-07-15
|s 2025-06-29
|t 2
|w 2010-11-06
|y BK
|x Price not available in Register
|
| 952 |
|
|
|0 0
|1 0
|2 ddc
|4 0
|6 005_740000000000000_ELM
|7 0
|9 13145
|a BRACUL
|b BRACUL
|c GEN
|d 2010-11-07
|l 26
|m 244
|o 005.74 ELM
|p 3010012898
|r 2025-06-21
|s 2025-02-27
|t 3
|w 2010-11-07
|y BK
|x Price not available in Register
|
| 952 |
|
|
|0 0
|1 4
|2 ddc
|4 0
|6 005_740000000000000_ELM
|7 0
|9 13237
|a BRACUL
|b BRACUL
|d 2010-11-10
|l 0
|o 005.74 ELM
|p 3010007985
|r 2010-11-10
|t 1
|w 2010-11-10
|y BK
|x Koha Inventory 2020
|
| 952 |
|
|
|0 0
|1 0
|2 ddc
|4 0
|6 005_740000000000000_ELM
|7 0
|9 13571
|a BRACUL
|b BRACUL
|c GEN
|d 2010-12-09
|l 19
|m 197
|o 005.74 ELM
|p 3010012899
|r 2026-05-17
|s 2023-01-26
|t 4
|w 2010-12-09
|y BK
|x Price not available in Register
|
| 952 |
|
|
|0 0
|1 0
|2 ddc
|4 0
|6 005_740000000000000_ELM
|7 0
|9 17827
|a BRACUL
|b BRACUL
|c GEN
|d 2011-08-13
|e Essence Science Publications
|g 553.00
|l 21
|m 239
|o 005.74 ELM
|p 3010016934
|r 2025-05-25
|s 2025-03-24
|t 5
|w 2011-08-13
|y BK
|x Requisitioned by Dr. Mumit Khan (Professor and Chairperson, Department of Computer Science and Engineering, BRAC University).
|